Score 0/24 Timer 04:00
0 Plays Today
Hint Answer % Correct
Leonardo da ________Vinci
93.8%
________ WrightOrville
73.3%
________ SalkJonas
68.8%
________ BohrNiels
67.3%
René ________Descartes
66.7%
________ PavlovIvan
62%
Enrico ________Fermi
60.4%
Carl ________Sagan
60.3%
________ TuringAlan
57.4%
________ PascalBlaise
57.3%
Nicolaus ________Copernicus
53%
Johannes ________Kepler
52%
Hint Answer % Correct
Dmitri ________Mendeleev
50.5%
________ HubbleEdwin
47.4%
Linus ________ Pauling
46.4%
________ BraheTycho
38.5%
________ HeisenbergWerner
24.6%
Thomas ________Young
17.2%
________ FranklinRosalind
15.7%
________ MarconiGuglielmo
14.9%
William ________Harvey
14.2%
________ EulerLeonhard
13.8%
Pieter ________Zeeman
3.9%
Abdul ________ KhanQadeer
3.1%

Today's Daily Dose

Remove Ads.
Support Sporcle.
Get the best of Sporcle when you Go Orange. This ad-free experience offers more features, more stats, and more fun while also helping to support Sporcle. Thank you for becoming a member.

You're not logged in!

Compare scores with friends on all Sporcle quizzes.
OR
Log In

Show Comments

Extras

Top Quizzes Today


Score Distribution

Your Account Isn't Verified!

In order to create a playlist on Sporcle, you need to verify the email address you used during registration. Go to your Sporcle Settings to finish the process.

Report this User

Report this user for behavior that violates our Community Guidelines.

Details: